000 05439namaa22004451i 4500
003 EG-GICUC
005 20260418122018.0
008 260418s2025 ua a|||frm||| 000 0 eng d
040 _aEG-GICUC
_beng
_cEG-GICUC
_dEG-GICUC
_erda
041 0 _aeng
_beng
_bara
049 _aDeposit
082 0 4 _a576.05
092 _a576.05
_221
097 _aM.Sc
099 _aCai01.10.10.M.Sc.2025.Mo.B
100 0 _aMostafa Saad Ibrahim Mahgoub,
_epreparation.
245 1 0 _aBacteriological studies on enterococcus faecalis isolated from hatcheries /
_cby Mostafa Saad Ibrahim Mahgoub ; Supervisors Prof. Dr. Ahmed Samir Mohamed Shehata, Prof. Dr. Mohamed Mamdouh Hamoud, Dr. Ahmed Orabi Hassan.
246 1 5 _aدراسات بكتيريولوجية على الانتيروكوكاس فيكاليس المعزولة من المفرخات
264 0 _c2025.
300 _a57 pages :
_billustrations ;
_c25 cm. +
_eCD.
336 _atext
_2rda content
337 _aUnmediated
_2rdamedia
338 _avolume
_2rdacarrier
502 _aThesis (Ph.D)-Cairo University, 2025.
504 _aBibliography: pages 44-57.
520 3 _aHatcheries have the potential to disseminate antimicrobial resistant pathogens via the poultry production chain. Enterococci are commensal Gram-positive bacteria and opportunistic pathogens in the intestine of humans and animals. The objective of the present work was to evaluate the enterococci occurrence in broiler breeder hatcheries in 3 different Governorates in Egypt “Sharqia, Beheira, and Dakahlia” with regard to the manifested diseases. The isolation results revealed that E. faecalis occurrence in the examined samples were 5.4% (65/1200) from pipped chicks’ yolk sacs and 5.8% (69/1200) from chicks’ organs. The antibiotic susceptibility testing of the recovered isolates showed high resistance to vancomycin, oxytetracycline and high sensitivity for penicillin, difloxacin and amikacin. The genetic screening for some virulence and antibiotic resistance genes indicated the high incidence of gelE and asa1 virulence genes between the recovered isolates in correlation with the high incidence of ermB and blaZ antibiotic resistance genes. In conclusion, hygienic measures in breeders' hatcheries are recommended to avoid the spreading of resistance and virulent E. faecalis as it represents a public health threat in addition to its deleterious effects on poultry production
520 3 _aإن المفرخات لديها القدرة على نشر مسببات الأمراض المقاومة للمضادات الميكروبية من خلال سلسلة إنتاج الدواجن. المكورات المعوية هي بكتيريا معوية متعايشة ومسببات أمراض انتهازية في الإنسان والحيوان. كان الهدف من هذه الدراسة هو تقييم مدي تواجد وانتشار المكورات المعوية في مفرخات أمهات الدجاج اللاحم في 3 محافظات مختلفة في مصر وهي الشرقية والبحيرة والدقهلية مع الإشارة للأمراض الظاهرة. كشفت نتائج العزل المسجلة أن مدي انتشار المكورات المعوية من النوع E. faecalis في العينات التي تم فحصها من أكياس المح للكتاكيت الناقرة كان 5.4٪ (65/1200) بينما كانت النسبة في العينات التي تم فحصها من أعضاء الكتاكيت 5.8٪ (69/1200). ولقد أظهرت نتائج اختبار الحساسية للمضادات الحيوية المسجلة للعزلات مقاومة عالية للفانكومايسين والأوكسيتتراسيكلين بينما أظهرت حساسية عالية للبنسلين والدايفلوكساسين والأميكاسين. أشار الفحص الجيني لبعض جينات الضراوة والمقاومة للمضادات الحيوية إلى ارتفاع معدل انتشار جينات الضراوة gelE و asa1 بين العزلات، بالإضافة إلى ارتفاع معدل انتشار جينات مقاومة المضادات الحيوية ermB و blaZ. ختامًا، يُنصح باتخاذ تدابير صحية في مفرخات أمهات الدجاج اللاحم وذلك لتجنب انتشار المكورات المعوية من النوع E. faecalis شديدة الضراوة والمقاومة للمضادات الحيوية، وذلك لما تمثله من تهديد للصحة العامة، بالإضافة إلى أثارها الضارة على إنتاج الدواجن.
530 _aIssues also as CD.
546 _aText in English and abstract in Arabic & English.
650 0 _aMicrobiology
650 0 _aالميكروبيولوجيا
653 1 _aAntimicrobial resistance
_aEnterococcus
_aHatchery
_aPoultry
_aVirulence
_aمقاومة المضادات الميكروبية
_aالمكورات المعوية
700 0 _aAhmed Samir Mohamed Shehata
_ethesis advisor.
700 0 _aMohamed Mamdouh Hamoud
_ethesis advisor.
700 0 _aAhmed Orabi Hassan
_ethesis advisor.
900 _b01-01-2025
_cAhmed Samir Mohamed Shehata
_cMohamed Mamdouh Hamoud
_cAhmed Orabi Hassan
_UCairo University
_FFaculty of Veterinary Medicine
_DDepartment of Microbiology
905 _aShimaa
942 _2ddc
_cTH
_e21
_n0
999 _c179550